Kader Fortuna Düsseldorf - Statistiken

Allgemein
  • Dieses Quiz wurde 162 mal gespielt
    154 seit der letzten Aktualisierung
  • Das Durchschnittsergebnis liegt bei 13 aus 22
Antwortstatistiken
# Spieler % Korrekt
33 Florian Kastenmeier
99%
3 Andre Hoffmann
85%
25 Matthias Zimmermann
83%
Daniel Thioune
81%
23 Shinta Appelkamp
77%
4 Ao Tanaka
74%
19 Emmanuel Iyoha
68%
30 Jordy de Wijs
68%
15 Tim Oberdorf
68%
11 Felix Klaus
67%
20 Jamil Siebert
66%
9 Vincent Vermeij
65%
34 Nicolas Gavory
64%
31 Marcel Sobotka
63%
6 Yannik Engelhardt
61%
18 Jona Niemiec
58%
2 Takashi Uchino
56%
10 Daniel Ginczek
48%
21 Dennis Gorka
38%
1 Karol Niemczycki
24%
29 Elione Fernandes-Neto
19%
22 Benjamin Böckle
12%
Keine übereinstimmenden Quizze gefunden
Verteilung der Resultate
Anzahl Personen mit jedem Resultat
Perzentil nach korrekt beantworteten Fragen
Ihre Resultats-Entwicklung
Sie haben dieses Quiz seit der letzten Aktualisierung nicht gespielt